Trivia - Disney - Statistics

General Stats
  • This quiz has been taken 106 times
  • The average score is 10 of 10
Answer Stats
Question Answer % Correct
What movie had mirror, rose, and talking furniture? Beauty and the Beast
100%
What movie has two evil stepsisters, an evil stepmother, and a fairy godmother? Cinderella
100%
In what state is the Disney World located? Florida
100%
Which movie has a huge fruit that a little boy crawls into? James and the Gigant Peach
100%
Which movie has seven little men who are miners? Snow White and the Seven Dwarfs
100%
Which movie had a curious mermaid? The Little Mermaid
100%
Which movie has a cowboy named Woody? Toy Story
100%
Who is the creator of Disney? Walt Disney
100%
Which movie features a little dragon who helps a warrior girl? Mulan
97%
Which movie featured an alien named Experiment 626? Lilo and Stitch
91%
No matching quizzes found
Score Distribution
Percent of People with Each Score
Percentile by Number Answered
Your Score History
You have not taken this quiz